[Event "47th Sparkassen Open"]
[Site "Dortmund GER"]
[Date "2019.07.15"]
[Round "3.8"]
[White "Hausrath, Daniel"]
[Black "Wichtrup, Jan-Louis"]
[Result "1-0"]
[WhiteTitle "GM"]
[WhiteElo "2468"]
[BlackElo "2125"]
[WhiteFideId "4617495"]
[BlackFideId "16229355"]
[EventDate "2019.07.13"]

1. Nf3 Nf6 2. g3 d5 3. Bg2 e6 4. O-O Be7 5. d3 O-O 6. c3 c5 7. a3 Nc6 8. b4 b6
9. Nbd2 Qc7 10. Rb1 Rd8 11. Qc2 Bb7 12. bxc5 bxc5 13. c4 d4 14. Rxb7 Qxb7 15.
Ne5 Rac8 16. Qa4 Rd6 17. Nb3 Qb6 18. Nxc6 Rdxc6 19. Bxc6 Rxc6 20. Bg5 Qa6 21.
Qb5 Rb6 22. Qxa6 Rxa6 23. Ra1 Rb6 24. Nd2 Kf8 25. Bxf6 Bxf6 26. Rb1 Rxb1+ 27.
Nxb1 Bg5 28. f4 Bd8 29. Nd2 f5 30. Nf3 Bf6 31. Kf2 Ke7 32. h3 Kd6 33. g4 g6 34.
Kg3 e5 35. gxf5 gxf5 36. fxe5+ Bxe5+ 37. Kh4 Bf4 38. Kh5 Ke6 39. Ng5+ Ke5 40.
Nxh7 Bc1 41. a4 Kf4 42. Kg6 Kg3 43. Kxf5 Kxh3 44. Nf8 Kg3 45. Nd7 Ba3 46. a5 Kf2
47. a6 Bb4 48. Nb6 1-0

[Event "47th Sparkassen Open"]
[Site "Dortmund GER"]
[Date "2019.07.15"]
[Round "3.9"]
[White "Guenther, Lars"]
[Black "Jugelt, Tobias"]
[Result "0-1"]
[BlackTitle "IM"]
[WhiteElo "2114"]
[BlackElo "2403"]
[WhiteFideId "4625153"]
[BlackFideId "4626150"]
[EventDate "2019.07.13"]

1. e4 g6 2. Nc3 Bg7 3. g3 e5 4. Bg2 Ne7 5. d3 c6 6. f4 d5 7. fxe5 dxe4 8. Nxe4
Bxe5 9. Nf3 Bg7 10. O-O O-O 11. d4 Bf5 12. Nf2 Nd7 13. c3 Nd5 14. Nh4 Ne7 15.
Bg5 f6 16. Qb3+ Rf7 17. Nxf5 Nxf5 18. g4 Nxd4 19. cxd4 fxg5 20. Ne4 Bxd4+ 21.
Kh1 Ne5 22. Rxf7 Nxf7 23. Rf1 Qe7 24. Nxg5 Qxg5 25. Rxf7 Qb5 26. Qe6 Qe5 27. Qb3
Qb5 28. Qe6 Kh8 29. Qe7 Qc4 30. b3 Qc1+ 31. Rf1 Qc5 32. Qxb7 Rf8 33. Rxf8+ Qxf8
34. Qxc6 Qf2 35. Qe8+ Kg7 36. Qe7+ Kh6 37. g5+ Kh5 38. Qxh7+ Kxg5 39. h4+ Kf6
40. Qh8+ Ke7 41. Qh7+ Kf8 42. Qh6+ Bg7 43. Qg5 Qe1+ 44. Kh2 Be5+ 45. Kh3 Qc3+ 0-1

[Event "47th Sparkassen Open"]
[Site "Dortmund GER"]
[Date "2019.07.15"]
[Round "3.10"]
[White "Webb, Laurence E"]
[Black "Hourigan, Gerrit"]
[Result "0-1"]
[WhiteTitle "FM"]
[WhiteElo "2327"]
[BlackElo "2037"]
[WhiteFideId "402389"]
[BlackFideId "16204174"]
[EventDate "2019.07.13"]

1. e4 c5 2. Nf3 d6 3. c3 Nf6 4. Bd3 Nc6 5. Bc2 g6 6. d4 cxd4 7. cxd4 Bg4 8. d5
Ne5 9. Ba4+ Ned7 10. Nc3 Bg7 11. h3 Bxf3 12. Qxf3 O-O 13. O-O a6 14. Qe2 b5 15.
Bc2 Nb6 16. a4 b4 17. Nd1 a5 18. Ne3 Nfd7 19. Rb1 Nc5 20. b3 e6 21. Rd1 e5 22.
Bd2 Qd7 23. Qg4 Qe7 24. Rdc1 Kh8 25. Qe2 Qd7 26. Qg4 Qe7 27. Qf3 Rac8 28. Qe2
Qd7 29. Qg4 Qe7 30. Kh2 Qb7 31. Qe2 Qd7 32. Qg4 Qxg4 33. hxg4 Bh6 34. Kg3 Bg5
35. Kf3 h6 36. Ke2 Kg7 37. f3 Rh8 38. Bd3 Bf4 39. Nf1 Nxb3 40. Bxf4 exf4 41.
Rxc8 Nd4+ 42. Kd2 Rxc8 43. Bb5 Rc5 44. Kd3 Nxb5 45. axb5 Rxb5 46. Nd2 Rc5 47.
Nb3 Rc3+ 48. Kd4 Rc4+ 49. Kd3 Rc3+ 50. Kd4 Nc4 51. Nxa5 Nxa5 52. Rxb4 Rb3 53.
Ra4 Nb7 54. e5 dxe5+ 55. Kxe5 f6+ 56. Kxf4 Kf7 57. Ra6 Rb5 58. Ra7 Ke7 59. Ke4
Rb6 60. Kd4 Kd6 61. Kc4 Ke5 62. Ra8 Nd6+ 63. Kc5 Rb5+ 64. Kc6 Rxd5 65. f4+ Kd4
66. Rd8 Ke4 67. g3 Rd3 68. Rxd6 Rxg3 69. Rxf6 Rxg4 70. f5 gxf5 71. Re6+ Kf3 72.
Kd5 h5 73. Rh6 h4 74. Ke5 f4 75. Ra6 Kg3 76. Kf5 f3 77. Ra1 Rb4 78. Rg1+ Kh2 79.
Rc1 f2 0-1

[Event "47th Sparkassen Open"]
[Site "Dortmund GER"]
[Date "2019.07.15"]
[Round "3.11"]
[White "Gallasch, Jonas"]
[Black "Hartikainen, Markku"]
[Result "1/2-1/2"]
[BlackTitle "FM"]
[WhiteElo "1996"]
[BlackElo "2237"]
[WhiteFideId "16222474"]
[BlackFideId "501417"]
[EventDate "2019.07.13"]

1. d4 Nf6 2. c4 c5 3. d5 e6 4. Nc3 exd5 5. cxd5 d6 6. g3 g6 7. Bg2 Bg7 8. Nf3
O-O 9. O-O a6 10. a4 Nbd7 11. Nd2 Re8 12. e4 Rb8 13. a5 b5 14. axb6 Nxb6 15. Qc2
Qc7 16. Na4 Nxa4 17. Rxa4 Bd7 18. Ra2 Bb5 19. Nc4 Nxe4 20. Bxe4 Bxc4 21. Qxc4
Rb4 22. Qxa6 Rbxe4 23. Qc6 Qb8 24. Bf4 Bf8 25. Rfa1 Re1+ 26. Rxe1 Rxe1+ 27. Kg2
Qe8 28. Qxe8 Rxe8 29. Ra6 Rd8 30. Rb6 Be7 31. h4 Kf8 32. b4 cxb4 33. Rxb4 Ke8
34. Rb6 Kd7 35. Rb7+ Ke8 36. Rb6 Kd7 37. Rb7+ Ke8 1/2-1/2

[Event "47th Sparkassen Open"]
[Site "Dortmund GER"]
[Date "2019.07.15"]
[Round "3.12"]
[White "Koellner, Christof"]
[Black "Heck, Norbert"]
[Result "0-1"]
[BlackTitle "FM"]
[WhiteElo "2091"]
[BlackElo "2211"]
[WhiteFideId "4635787"]
[BlackFideId "4622928"]
[EventDate "2019.07.13"]

1. d4 g6 2. e4 Bg7 3. Nf3 d6 4. c3 Nf6 5. Bd3 O-O 6. O-O c5 7. dxc5 dxc5 8. h3
Nc6 9. Qe2 Qc7 10. Na3 Rd8 11. Bg5 Be6 12. Qe3 b6 13. Bf4 Qb7 14. Ng5 Bd7 15.
Bc4 Be8 16. Qe2 a6 17. Rad1 b5 18. Bd5 e6 19. Bb3 Na5 20. Bc2 b4 21. cxb4 cxb4
22. Nc4 Nxc4 23. Qxc4 Rac8 24. Qb3 h6 25. Nf3 Nxe4 26. Rxd8 Rxd8 27. Re1 Bc6 28.
Qe3 Nf6 29. Bxh6 Bxf3 30. Bxg7 Kxg7 31. gxf3 Qb5 32. Rd1 Rh8 33. Kg2 Rh5 34. Rd4
e5 35. Rg4 Nd5 36. Qe4 Nf4+ 37. Rxf4 exf4 38. Qxf4 Rg5+ 39. Kh2 Qe5 40. Qxe5+
Rxe5 41. Bd3 a5 42. a4 Rd5 43. Bc4 Rd2 44. b3 Rxf2+ 45. Kg3 Rc2 46. Bd5 Rc5 47.
Bb7 g5 48. Kg4 Kg6 49. Kg3 f5 50. h4 gxh4+ 51. Kxh4 Rc3 52. Bd5 Rd3 53. Bc4 Rxf3
54. Bd5 Re3 55. Bg8 Kf6 56. Bd5 Rd3 57. Bg8 Rd8 58. Bc4 Rd4+ 59. Kg3 Rxc4 60.
bxc4 b3 61. c5 b2 62. c6 b1=Q 63. c7 Qb7 64. c8=Q Qxc8 65. Kf3 Ke5 66. Kg3 Qc3+
67. Kh4 Kf6 68. Kh5 Qh3# 0-1

[Event "47th Sparkassen Open"]
[Site "Dortmund GER"]
[Date "2019.07.15"]
[Round "3.13"]
[White "Schoeneshoefer, Adrian"]
[Black "Baerwolf, Steven"]
[Result "0-1"]
[WhiteElo "1884"]
[BlackElo "2176"]
[WhiteFideId "16203771"]
[BlackFideId "24658634"]
[EventDate "2019.07.13"]

1. e4 e5 2. f4 d5 3. exd5 e4 4. Nc3 Nf6 5. d3 Bb4 6. dxe4 Nxe4 7. Qd4 Bxc3+ 8.
bxc3 O-O 9. Nf3 Re8 10. Be2 Nd6 11. Kf2 c5 12. Qe3 Rxe3 13. Bxe3 Ne4+ 14. Kf1
Bg4 15. c4 Nd7 16. Bd3 Qf6 17. Rb1 Re8 18. Re1 Qc3 19. Re2 Ndf6 20. Re1 Bxf3 21.
gxf3 Nd6 22. Kf2 Nxc4 0-1

[Event "47th Sparkassen Open"]
[Site "Dortmund GER"]
[Date "2019.07.15"]
[Round "3.14"]
[White "Boehm, Juergen2"]
[Black "Prueske, Wolfgang"]
[Result "0-1"]
[WhiteElo "2175"]
[BlackElo "1961"]
[WhiteFideId "4606434"]
[BlackFideId "4667271"]
[EventDate "2019.07.13"]

1. d4 Nf6 2. Bg5 g6 3. Bxf6 exf6 4. e3 Bg7 5. g3 d5 6. Bg2 h5 7. h4 c6 8. Ne2
Nd7 9. b3 f5 10. c4 dxc4 11. bxc4 c5 12. Nbc3 cxd4 13. exd4 O-O 14. O-O f4 15.
Nxf4 Nb6 16. Bd5 Nxd5 17. Ncxd5 Re8 18. Re1 Bg4 19. Qd2 Qd7 20. Kg2 Rac8 21. f3
Be6 22. Rac1 b5 23. Nxe6 fxe6 24. Nf4 bxc4 25. Qc2 Qf7 26. Nxg6 Bxd4 27. Ne5 Qg7
28. Nxc4 Kh8 29. f4 Rg8 30. Qd3 Qb7+ 31. Qf3 Rxg3+ 0-1

[Event "47th Sparkassen Open"]
[Site "Dortmund GER"]
[Date "2019.07.15"]
[Round "3.15"]
[White "Doescher, Thorsten"]
[Black "Quast, Marcel"]
[Result "0-1"]
[WhiteElo "2049"]
[BlackElo "2248"]
[WhiteFideId "24658286"]
[BlackFideId "24663476"]
[EventDate "2019.07.13"]

1. c4 f5 2. Nc3 Nf6 3. d4 e6 4. Nf3 d5 5. g3 c6 6. Bg2 Bd6 7. O-O O-O 8. b3 Nbd7
9. Qc2 Ne4 10. Nxe4 fxe4 11. Ng5 Qe7 12. f3 h6 13. Nh3 Nf6 14. fxe4 Nxe4 15.
Rxf8+ Qxf8 16. Be3 Qf5 17. Rf1 Qh7 18. Bxe4 dxe4 19. Nf2 e5 20. dxe5 Bxe5 21.
Qxe4 Qxe4 22. Nxe4 Bh3 23. Rd1 a5 24. Bf4 Bb2 25. Bc7 Bf5 26. Nf2 a4 27. e4 Bg6
28. Rd6 Kh7 29. Rd7 axb3 30. axb3 c5 31. Rd2 Bd4 32. Kg2 Ra3 33. Re2 Rxb3 34. e5
Be8 35. Ne4 Bh5 36. Re1 Bg4 37. Nd2 Rb2 38. Ba5 b6 0-1

[Event "47th Sparkassen Open"]
[Site "Dortmund GER"]
[Date "2019.07.15"]
[Round "3.16"]
[White "Bock, Juergen"]
[Black "Saizew, Valeri"]
[Result "1-0"]
[WhiteElo "2268"]
[BlackElo "2032"]
[WhiteFideId "4619129"]
[BlackFideId "12932361"]
[EventDate "2019.07.13"]

1. c4 Nf6 2. g3 c6 3. Bg2 d5 4. Nf3 Bf5 5. Qb3 Qb6 6. d3 e6 7. Be3 Qxb3 8. axb3
Bb4+ 9. Nc3 Na6 10. Nd4 Bg6 11. Nxc6 bxc6 12. Rxa6 Rd8 13. Bd2 c5 14. Rxa7 O-O
15. Nb5 Bxd2+ 16. Kxd2 e5 17. f3 e4 18. cxd5 Rxd5 19. Nc3 Rd4 20. Nxe4 Nxe4+ 21.
fxe4 Rb4 22. Ra3 Rfb8 23. Rc1 R4b5 24. Bh3 Kf8 25. Rc3 Ke7 26. Ra7+ Kf6 27. Rc7
Rxb3 28. R3xc5 Rxb2+ 29. Ke3 Re8 30. Bf5 Kg5 31. Bd7+ 1-0

[Event "47th Sparkassen Open"]
[Site "Dortmund GER"]
[Date "2019.07.15"]
[Round "3.17"]
[White "Steinle, Carsten"]
[Black "Gula, Julian"]
[Result "1-0"]
[WhiteElo "2147"]
[BlackElo "1991"]
[WhiteFideId "24676462"]
[BlackFideId "12954799"]
[EventDate "2019.07.13"]

1. g3 Nf6 2. Bg2 e6 3. e4 c5 4. c3 Qa5 5. f4 d6 6. Na3 Be7 7. Nc4 Qc7 8. Ne3 Bd7
9. Nh3 Bc6 10. d3 d5 11. e5 d4 12. exf6 Bxf6 13. O-O dxe3 14. Bxe3 Nd7 15. Nf2
Bxg2 16. Kxg2 Qc6+ 17. Kg1 O-O 18. Ne4 Be7 19. Qf3 Rac8 20. Rae1 Nf6 21. f5 Nxe4
22. dxe4 exf5 23. Qxf5 b6 24. Rd1 Rcd8 25. Rd5 Qe6 26. c4 Bf6 27. Bg5 Bxg5 28.
Qxg5 f6 29. Qf4 Rfe8 30. Rfd1 Rxd5 31. exd5 Qe3+ 32. Qxe3 Rxe3 33. Kf2 Re7 34.
Re1 Rd7 35. a4 Kf7 36. Re6 h5 37. b3 Rb7 38. Rc6 Ke7 39. Ke3 Kf7 40. Kf4 Re7 41.
a5 g5+ 42. Kf3 bxa5 43. Rxc5 Rb7 44. Rxa5 Rxb3+ 45. Ke4 Rb2 46. Rxa7+ Ke8 47. h4
Rc2 48. Rc7 Kd8 49. d6 Rc3 50. hxg5 fxg5 51. c5 Rxg3 52. Rh7 Rg4+ 53. Kd5 Rg1
54. c6 Rd1+ 55. Ke5 Re1+ 56. Kf5 h4 57. Rh8+ Re8 58. c7+ Kd7 59. Rxe8 1-0

[Event "47th Sparkassen Open"]
[Site "Dortmund GER"]
[Date "2019.07.15"]
[Round "3.18"]
[White "Wuebker, Paul-Luca"]
[Black "Torres-Kuckel, Rafael"]
[Result "1-0"]
[BlackTitle "FM"]
[WhiteElo "2009"]
[BlackElo "2152"]
[WhiteFideId "12939528"]
[BlackFideId "4625072"]
[EventDate "2019.07.13"]

1. d4 Nf6 2. c4 c5 3. d5 b5 4. cxb5 a6 5. bxa6 g6 6. Nc3 d6 7. e4 Bg7 8. Nf3 O-O
9. Be2 Nbd7 10. h3 Qa5 11. O-O Bxa6 12. Bg5 Rab8 13. Qc2 Rb7 14. a4 Bxe2 15.
Qxe2 Rb4 16. Ra2 Rfb8 17. e5 dxe5 18. Nxe5 Nxe5 19. Qxe5 Ne4 20. Qxe7 Bf8 21.
Qe5 Bg7 22. Qh2 Nxg5 23. h4 Nf3+ 24. gxf3 Rxb2 25. Rxb2 Rxb2 26. Ne4 Qxa4 27.
Qc7 Bf8 28. d6 Qd4 29. d7 Be7 30. Nd6 Qf6 31. Qc8+ Bd8 32. Nb7 Qxf3 33. Qxd8+
Kg7 34. Qg5 Rb4 35. Qe5+ Kh6 36. Qe3+ 1-0

[Event "47th Sparkassen Open"]
[Site "Dortmund GER"]
[Date "2019.07.15"]
[Round "3.19"]
[White "Mueller, Frank3"]
[Black "Kracht, Raphael"]
[Result "1/2-1/2"]
[WhiteElo "2092"]
[BlackElo "2000"]
[WhiteFideId "24681318"]
[BlackFideId "16214382"]
[EventDate "2019.07.13"]

1. b3 e5 2. Bb2 Nc6 3. e3 Nf6 4. Bb5 Bd6 5. Na3 a6 6. Bxc6 dxc6 7. Nc4 Qe7 8.
Ne2 Bg4 9. f3 Bd7 10. O-O h5 11. f4 e4 12. Ne5 O-O-O 13. Nxd7 Qxd7 14. Bxf6 gxf6
15. Ng3 f5 16. Nxh5 Qe6 17. Ng3 Rdg8 18. Rf2 Be7 19. Nf1 Bh4 20. g3 Bf6 21. Rb1
c5 22. Qe2 Rd8 23. Qc4 Qxc4 24. bxc4 b6 25. Rg2 Kb7 26. Kf2 Kc6 27. a4 Rb8 28.
Ke2 Rhg8 29. d3 Bc3 30. Rb3 Bb4 31. c3 exd3+ 32. Kxd3 Ba5 33. Rb1 b5 34. axb5+
axb5 35. cxb5+ Rxb5 36. Rxb5 Kxb5 37. Rb2+ Kc6 38. Kc4 Re8 39. Kd3 Rd8+ 40. Kc2
c4 41. Nd2 Rd3 42. Ra2 Rxc3+ 43. Kb2 Bb4 44. Ra8 Rxe3 45. Nxc4 Re2+ 46. Kb3 Bd6
47. Ra5 Rxh2 48. Rxf5 Rh3 49. Nxd6 1/2-1/2

[Event "47th Sparkassen Open"]
[Site "Dortmund GER"]
[Date "2019.07.15"]
[Round "3.20"]
[White "Savchenko, Daniel"]
[Black "Ball, Joerg"]
[Result "1-0"]
[WhiteElo "2168"]
[BlackElo "1961"]
[WhiteFideId "12919195"]
[BlackFideId "4685172"]
[EventDate "2019.07.13"]

1. e4 g6 2. h4 Bg7 3. h5 d5 4. exd5 Qxd5 5. Nc3 Qa5 6. Bc4 Nh6 7. hxg6 hxg6 8.
Nge2 Nc6 9. d3 Ne5 10. Bb3 c6 11. Bf4 f6 12. Qd2 g5 13. Bxe5 Qxe5 14. O-O-O Bd7
15. Kb1 O-O-O 16. d4 Qa5 17. d5 c5 18. d6 e6 19. Ng3 f5 20. Qxg5 Bxc3 21. Rxh6
Rxh6 22. Qxh6 Be5 23. f4 Bxd6 24. Ne2 Bf8 25. Qf6 Qb6 26. Qf7 Bd6 27. Bxe6 c4
28. Nc3 Ba3 29. Bxd7+ Kb8 30. Na4 Rxd7 31. Qxd7 Qxb2+ 1-0

[Event "47th Sparkassen Open"]
[Site "Dortmund GER"]
[Date "2019.07.15"]
[Round "3.21"]
[White "Zweschper, Erich"]
[Black "Rempel, Patrick"]
[Result "1-0"]
[WhiteElo "2031"]
[BlackElo "2119"]
[WhiteFideId "4643119"]
[BlackFideId "4657632"]
[EventDate "2019.07.13"]

1. d4 Nf6 2. Nf3 g6 3. c4 Bg7 4. Nc3 O-O 5. e4 d6 6. h3 e5 7. d5 a5 8. Bd3 Na6
9. Bg5 c6 10. a3 Nc5 11. Bc2 a4 12. O-O Qb6 13. Rb1 Qa6 14. Nd2 h6 15. Be3 Nfd7
16. Rc1 f5 17. f4 exf4 18. Rxf4 Ne5 19. exf5 Ncd3 20. f6 Nxf4 21. Bxf4 Rxf6 22.
Bxe5 dxe5 23. Nde4 Rf4 24. d6 Bd7 25. Kh2 b6 26. g3 Rf7 27. Bxa4 Kh7 28. Bc2
Raf8 29. Qe2 Qc8 30. g4 Rf4 31. Rg1 Qd8 32. Qe1 Bf6 33. Ne2 Bh4 34. Qc3 Qe8 35.
Nxf4 exf4 36. g5 f3 37. Nf6+ Rxf6 38. Qxf6 Bxg5 39. Qxf3 Qe6 40. h4 Bf4+ 41. Kh1
Qf6 42. Qh5 Kh8 43. Rxg6 Qxb2 44. Rxh6+ Bxh6 45. Qxh6+ Kg8 46. Bh7+ Kf7 47. Qg6+
Kf8 48. Qg8# 1-0

[Event "47th Sparkassen Open"]
[Site "Dortmund GER"]
[Date "2019.07.15"]
[Round "3.22"]
[White "Biermann, Florian"]
[Black "Strathoff, Martin"]
[Result "1/2-1/2"]
[WhiteElo "2016"]
[BlackElo "2102"]
[WhiteFideId "12970069"]
[BlackFideId "24609560"]
[EventDate "2019.07.13"]

1. c4 f5 2. g3 Nf6 3. Bg2 d6 4. Nc3 e5 5. d3 g6 6. e4 Bg7 7. Nge2 Nc6 8. O-O O-O
9. Nd5 Be6 10. Bg5 Qd7 11. Qd2 Rae8 12. b4 Nd8 13. Rac1 Nh5 14. exf5 Bxf5 15.
Bxd8 Qxd8 16. d4 c6 17. Ne3 Bh6 18. d5 Qd7 19. Nc3 Nf6 20. Rcd1 Rd8 21. Qe2 Bh3
22. Rd3 Bxg2 23. Kxg2 Bg7 24. h3 Qe7 25. Ng4 Nd7 26. Ne4 Nb6 27. c5 cxd5 28.
cxb6 dxe4 29. Qxe4 axb6 30. Ne3 Qf7 31. a3 b5 32. Rd5 Bh6 33. Ng4 Bg7 34. Ne3
Bh6 35. Ng4 Bg7 36. Ne3 Bh6 37. Ng4 Bg7 1/2-1/2

[Event "47th Sparkassen Open"]
[Site "Dortmund GER"]
[Date "2019.07.15"]
[Round "3.23"]
[White "Sonnenschein, Philipp"]
[Black "Hammerich, Simon"]
[Result "0-1"]
[WhiteElo "2099"]
[BlackElo "1954"]
[WhiteFideId "16250877"]
[BlackFideId "12955868"]
[EventDate "2019.07.13"]

1. e4 e5 2. Nf3 Nc6 3. Bb5 a6 4. Ba4 Nf6 5. O-O Be7 6. Re1 b5 7. Bb3 O-O 8. a4
b4 9. a5 d6 10. c3 Rb8 11. Bc4 Qd7 12. Qe2 h6 13. d4 bxc3 14. bxc3 exd4 15. cxd4
d5 16. exd5 Nxd5 17. Ne5 Nxe5 18. dxe5 Rxb1 19. Rxb1 Nc3 20. Qc2 Nxb1 21. e6 Qc6
22. exf7+ Kh8 23. Qxb1 Qxc4 24. Rxe7 Bf5 25. Qa1 Kh7 26. Be3 Rxf7 27. Re5 Qd3
28. Rc5 Rd7 29. h3 Be4 30. Bf4 Bxg2 31. Rc3 Qd5 32. Bxc7 Bf3 33. Bf4 Qe4 34. Bg3
Rd1+ 0-1

[Event "47th Sparkassen Open"]
[Site "Dortmund GER"]
[Date "2019.07.15"]
[Round "3.24"]
[White "Farokhi, Keyvan"]
[Black "Chubakov, Sultan"]
[Result "1-0"]
[WhiteElo "1946"]
[BlackElo "2095"]
[WhiteFideId "12998630"]
[BlackFideId "13803468"]
[EventDate "2019.07.13"]

1. e4 c5 2. Nf3 e6 3. d4 cxd4 4. Nxd4 a6 5. c4 Nf6 6. Nc3 Bb4 7. Qd3 O-O 8. Be2
d6 9. O-O Nbd7 10. f3 Ne5 11. Qc2 Qc7 12. Na4 Bd7 13. Be3 Rac8 14. a3 Bc5 15.
Nxc5 dxc5 16. Nb3 Ba4 17. Qc3 Bxb3 18. Qxb3 Nc6 19. Qc3 b6 20. b4 Nd7 21. b5
axb5 22. cxb5 Nd8 23. f4 Nf6 24. Bf3 Nb7 25. Rad1 Rfd8 26. g4 h6 27. g5 hxg5 28.
fxg5 Nd7 29. g6 f6 30. Bg4 Nf8 31. Bf4 Qe7 32. Qh3 Rxd1 33. Rxd1 Re8 34. Qh5 Rd8
35. Rf1 Rd3 36. e5 f5 37. Bxf5 exf5 38. Qxf5 Qd7 39. e6 Nxe6 40. Be5 Rd1 41.
Qf7+ Kh8 42. Bxg7+ 1-0

[Event "47th Sparkassen Open"]
[Site "Dortmund GER"]
[Date "2019.07.15"]
[Round "3.25"]
[White "Delere, Adrian"]
[Black "Conrad, Joachim"]
[Result "1/2-1/2"]
[WhiteElo "1858"]
[BlackElo "2068"]
[WhiteFideId "12990400"]
[BlackFideId "24623083"]
[EventDate "2019.07.13"]

1. e4 d6 2. d4 Nf6 3. Nc3 e5 4. dxe5 dxe5 5. Qxd8+ Kxd8 6. Bc4 Be6 7. Bxe6 fxe6
8. Bg5 Bd6 9. O-O-O Ke7 10. Nge2 h6 11. Bh4 g5 12. Bg3 Nc6 13. f3 a6 14. Bf2 b5
15. g4 Raf8 16. Be3 Nd7 17. Rdf1 Kf7 18. Nb1 Ne7 19. h4 Kf6 20. hxg5+ hxg5 21.
Rh5 Rxh5 22. gxh5 Rh8 23. Ng3 Ng8 24. a3 Nh6 25. b4 Nf7 26. Nd2 c5 27. c3 Rc8
28. Kb2 Nb6 29. Kb3 Na4 30. c4 Bf8 31. bxc5 Bxc5 32. Bxc5 Nxc5+ 33. Kb4 Nd3+ 34.
Kc3 Nf4 35. Kb4 Nd6 36. cxb5 axb5 37. Rd1 Ke7 38. Nb1 Rc2 39. Rd2 Rc4+ 40. Kb3
Nb7 41. Nc3 Nc5+ 42. Kb2 Nfd3+ 43. Kc2 Ne1+ 44. Kb2 Nxf3 45. Rd1 b4 46. axb4
Rxb4+ 47. Kc2 Nd4+ 48. Kd2 Rb2+ 49. Ke3 Rg2 50. Nce2 Nxe2 51. Nxe2 Nxe4 52. Kxe4
Rxe2+ 53. Kf3 Rh2 54. Kg4 Rg2+ 55. Kf3 Ra2 56. Kg4 Ra8 57. Kxg5 Rg8+ 58. Kh4 1/2-1/2

[Event "47th Sparkassen Open"]
[Site "Dortmund GER"]
[Date "2019.07.15"]
[Round "3.26"]
[White "Toel, Karl-Ludwig"]
[Black "Gluma, Christian"]
[Result "1-0"]
[WhiteElo "2068"]
[BlackElo "1876"]
[WhiteFideId "4685903"]
[BlackFideId "16223209"]
[EventDate "2019.07.13"]

1. d4 g6 2. e4 Bg7 3. c4 d6 4. Nc3 e5 5. dxe5 Bxe5 6. Qc2 Nc6 7. Be3 Bg7 8.
O-O-O Be6 9. Nf3 Qe7 10. Nd5 Qd7 11. Kb1 Nge7 12. Bg5 Bxd5 13. cxd5 Ne5 14. Nd4
a6 15. h3 c5 16. dxc6 N5xc6 17. Nxc6 Nxc6 18. Bc4 Rc8 19. Qd2 Nd4 20. Rc1 O-O
21. Bh6 Bxh6 22. Qxh6 Qa4 23. Bd5 Rc2 24. Rxc2 Qxc2+ 25. Ka1 Rc8 26. Qf4 Rc7 27.
a3 Nb5 28. Qe3 Nc3 29. Rc1 Qxc1+ 30. Qxc1 Nxd5 31. Qg5 Ne7 32. e5 dxe5 33. Qxe5
Rc1+ 34. Ka2 Nc6 35. Qe3 Rd1 36. Qe8+ Kg7 37. Qc8 Rd2 38. Qxb7 Ne5 39. Qc7 Re2
40. f4 Ng4 41. hxg4 Rxg2 42. Qe5+ Kg8 43. g5 1-0

[Event "47th Sparkassen Open"]
[Site "Dortmund GER"]
[Date "2019.07.15"]
[Round "3.27"]
[White "Meier, Silas"]
[Black "Eckert, Marius"]
[Result "1/2-1/2"]
[WhiteElo "1811"]
[BlackElo "2090"]
[WhiteFideId "16210662"]
[BlackFideId "12922234"]
[EventDate "2019.07.13"]

1. Nf3 d5 2. c4 e6 3. b3 c5 4. Bb2 d4 5. e3 Nc6 6. exd4 cxd4 7. g3 Nf6 8. Bg2
Bc5 9. O-O O-O 10. Re1 Re8 11. Ne5 Nxe5 12. Rxe5 Bd6 13. Re1 e5 14. d3 Rb8 15.
Ba3 Bg4 16. Qd2 Bc7 17. Qc2 Qd7 18. Nd2 Bh3 19. Bh1 Bf5 20. b4 Rec8 21. Bb2 Bd6
22. Qb3 Be6 23. a4 a6 24. b5 a5 25. Ba3 b6 26. Bxd6 1/2-1/2

[Event "47th Sparkassen Open"]
[Site "Dortmund GER"]
[Date "2019.07.15"]
[Round "3.28"]
[White "Biermann, Lenhard"]
[Black "Skabs, Denis"]
[Result "1/2-1/2"]
[WhiteElo "2056"]
[BlackElo "1745"]
[WhiteFideId "12970077"]
[BlackFideId "16248449"]
[EventDate "2019.07.13"]

1. c4 e6 2. Nf3 d5 3. g3 Nf6 4. Bg2 Be7 5. d4 O-O 6. O-O dxc4 7. Qc2 b5 8. Ne5
Nd5 9. a4 c6 10. Nc3 f6 11. Nf3 b4 12. Nb1 Ba6 13. e4 b3 14. Qd1 c3 15. bxc3
Bxf1 16. Bxf1 Nc7 17. Qxb3 Kh8 18. Na3 f5 19. exf5 exf5 20. Ne5 Nd5 21. Qb7 Qc7
22. Rb1 Qxb7 23. Rxb7 Rc8 24. Bc4 Rc7 25. Rxc7 Nxc7 26. Nc2 Nd5 27. Nxc6 Nxc6
28. Bxd5 Rc8 29. Bd2 Na5 30. Ne3 g6 31. Kf1 Rb8 32. Ke2 Nb3 33. Be1 Ba3 34. Nc4
Be7 35. Ne5 Na5 36. Kd3 Rb1 37. Bd2 Ra1 38. Nc6 Nxc6 39. Bxc6 Rb1 40. Bb5 g5 41.
Bd7 Rh1 42. Bxf5 Rxh2 43. Be3 Rh6 44. d5 Ra6 45. Bd7 Kg7 46. Bb5 Rd6 47. Bc6 h5
48. Bxa7 Rh6 49. Bd7 h4 50. gxh4 gxh4 51. Bh3 Ra6 52. Bd4+ Kf8 53. Bd7 Rh6 54.
Bh3 Ra6 55. Be5 Bf6 56. Bxf6 Rxf6 57. Ke2 Rf4 58. Bd7 Ke7 59. Be6 Rxa4 60. f3
Rc4 61. Kd3 Rf4 62. Ke3 Rc4 63. Kd3 Rf4 1/2-1/2

[Event "47th Sparkassen Open"]
[Site "Dortmund GER"]
[Date "2019.07.15"]
[Round "3.29"]
[White "Prieb, Robert"]
[Black "Guenther, Patrick"]
[Result "1/2-1/2"]
[WhiteTitle "CM"]
[WhiteElo "1824"]
[BlackElo "2055"]
[WhiteFideId "16212002"]
[BlackFideId "24618357"]
[EventDate "2019.07.13"]

1. d4 d5 2. c4 c6 3. Nf3 Nf6 4. Nc3 a6 5. e3 Bf5 6. cxd5 cxd5 7. Qb3 Ra7 8. Be2
e6 9. Ne5 Nc6 10. Qa4 Qc7 11. Nxc6 bxc6 12. Bd2 Bd6 13. Rc1 O-O 14. h3 Qb6 15.
b3 Nd7 16. O-O c5 17. dxc5 Nxc5 18. Qd4 Qb7 19. Na4 Nd7 20. Ba5 Raa8 21. Qd2
Rfc8 22. Rxc8+ Rxc8 23. Rc1 h6 24. Rxc8+ Qxc8 25. Qc3 Qb7 26. Kf1 e5 27. Bf3 1/2-1/2

[Event "47th Sparkassen Open"]
[Site "Dortmund GER"]
[Date "2019.07.15"]
[Round "3.31"]
[White "Groneberg, Joerg"]
[Black "Wolff, Christoph"]
[Result "1-0"]
[WhiteElo "1921"]
[BlackElo "2047"]
[WhiteFideId "12941638"]
[BlackFideId "4648706"]
[EventDate "2019.07.13"]

1. c4 e5 2. g3 Nf6 3. Bg2 d5 4. cxd5 Nxd5 5. Nc3 Nb6 6. Nf3 Nc6 7. O-O Be7 8. d3
O-O 9. b3 Be6 10. Bb2 Qd7 11. Re1 f5 12. Rc1 Bf6 13. Nd2 e4 14. Nc4 Nxc4 15.
dxc4 Qf7 16. Qc2 Rfd8 17. Rcd1 Nd4 18. Qc1 c5 19. Na4 Rac8 20. e3 Nf3+ 21. Bxf3
exf3 22. Rxd8+ Bxd8 23. Qd1 Bd7 24. Qxf3 Bc6 25. Qe2 b6 26. Rd1 Qe6 27. Nc3 Bg5
28. Nd5 Rf8 29. Qd2 Qh6 30. f4 Bd8 31. Be5 Qe6 32. h4 Qg6 33. Kh2 Qh5 34. Rg1
Qf3 35. Rg2 h6 36. Rg1 Re8 37. Qd3 Qg4 38. Rg2 Re6 39. Qe2 Qg6 40. h5 Qf7 41. g4
Rxe5 42. fxe5 Bg5 43. Qf3 fxg4 44. Qxf7+ Kxf7 45. Kg3 Ke6 46. Kxg4 Kxe5 47. Rf2
Bd7+ 48. Kg3 Bf5 49. a4 Bd8 50. Kf3 Bh4 51. Rh2 Be4+ 52. Ke2 Bg5 53. Rf2 Bc2 54.
Rf7 Bxb3 55. Kd3 Bxa4 56. Rxa7 b5 57. Rxg7 Bd1 58. cxb5 Bf3 59. Nc3 Bd8 60. Rg8
Ba5 61. Rg6 Bxh5 62. Rxh6 Bf7 63. b6 c4+ 64. Kc2 Be6 65. Rh5+ Bf5+ 66. e4 Bxc3
67. Kxc3 1-0